000 00391nam a2200133Ia 4500
008 100328s9999 xx 000 0 und d
082 _b65635
100 _aदेशमुख भास्कर.
245 _aबीज उद्याची.
260 _bसुपर्ण.
630 _aबीज उद्याची.
730 _aबीज उद्याची.
942 _cBOOK
999 _c551380
_d551377